| Tag |
First Indicator |
Second Indicator |
Subfields |
| LEADER |
00000nam a2200000 a 4500 |
| 001 |
in00005779969 |
| 003 |
OCoLC |
| 005 |
20260505164057.9 |
| 006 |
m o d |
| 007 |
cr |n||||||||| |
| 008 |
110613s2011 enka ob 001 0 eng d |
| 019 |
|
|
|a 1346887594
|
| 020 |
|
|
|a 9780719082610
|q (hbk.)
|
| 020 |
|
|
|a 0719082617
|q (hbk.)
|
| 020 |
|
|
|a 9781526130242
|q (electronic bk.)
|
| 020 |
|
|
|a 1526130246
|q (electronic bk.)
|
| 024 |
8 |
|
|a 90104178775
|
| 035 |
|
|
|a (OCoLC)in5779969
|
| 035 |
|
|
|a (OCoLC)1151978514
|z (OCoLC)1346887594
|
| 040 |
|
|
|a UX1
|b eng
|e pn
|c UX1
|d OCLCO
|d ESU
|d OCLCO
|d UKSSU
|d LDP
|d OCLCF
|d OCLCQ
|d OCLCO
|d YUS
|d OCLCQ
|d OCL
|d OCLCO
|d OCLCL
|d OCLCA
|d OCLCQ
|d YDX
|
| 043 |
|
|
|a e-uk---
|
| 050 |
|
4 |
|a RC1210
|b .H39 2011
|
| 060 |
|
4 |
|a 2011 D-405
|
| 060 |
|
4 |
|a QT 11 FA1
|
| 072 |
|
7 |
|a HEA
|2 eflch
|
| 082 |
0 |
4 |
|a 617.1/0270941
|2 23
|
| 100 |
1 |
|
|a Heggie, Vanessa.
|
| 245 |
1 |
2 |
|a A history of British sports medicine /
|c Vanessa Heggie.
|
| 260 |
|
|
|a Manchester ;
|a New York :
|b Manchester University Press,
|c 2011.
|
| 300 |
|
|
|a 1 online resource.
|
| 336 |
|
|
|a text
|b txt
|2 rdacontent
|
| 337 |
|
|
|a computer
|b c
|2 rdamedia
|
| 338 |
|
|
|a online resource
|b cr
|2 rdacarrier
|
| 504 |
|
|
|a Includes bibliographical references and index.
|
| 505 |
0 |
|
|a Introduction -- Moderate individuals : beginnings, 1900-27 -- Ideal citizens? Research and injuries, 1928-52 -- Making champions : boundaries, 1953-70 -- Sport for all and the inert majority, 1970-87 -- Conclusion : specialty, 1988-2005.
|
| 532 |
1 |
|
|3 JSTOR
|a "We apply WCAG and Section 508 standards to improve the user experience for everyone...The target for JSTOR is WCAG 2.2 Level AA." Source: https://about.jstor.org/accessibility/. Last accessed April 22, 2025.
|
| 650 |
|
0 |
|a Sports medicine
|z Great Britain
|x History.
|
| 650 |
|
0 |
|a Medicine
|x History
|y 18th century.
|
| 650 |
1 |
2 |
|a Sports Medicine
|x history
|
| 650 |
2 |
2 |
|a History, 19th Century
|
| 650 |
2 |
2 |
|a History, 18th Century
|
| 651 |
|
2 |
|a United Kingdom
|
| 650 |
|
6 |
|a Médecine du sport
|z Grande-Bretagne
|x Histoire.
|
| 650 |
|
6 |
|a Médecine
|x Histoire
|y 19e siècle.
|
| 650 |
|
6 |
|a Médecine
|x Histoire
|y 18e siècle.
|
| 650 |
|
7 |
|a Medicine
|2 fast
|
| 650 |
|
7 |
|a Sports medicine
|2 fast
|
| 651 |
|
7 |
|a Great Britain
|2 fast
|1 https://id.oclc.org/worldcat/entity/E39PBJdmp7p3cx8hpmJ8HvmTpP
|
| 650 |
|
7 |
|a Sportmedizin
|2 gnd
|
| 651 |
|
7 |
|a Great Britain
|2 gnd
|
| 650 |
|
7 |
|a Health and Fitness.
|2 eflch
|
| 648 |
|
7 |
|a 1700-1799
|2 fast
|
| 648 |
|
7 |
|a Geschichte 1900-2005.
|2 swd
|
| 655 |
|
7 |
|a Electronic books.
|2 local
|
| 710 |
2 |
|
|a JSTOR (Organization)
|
| 758 |
|
|
|i has work:
|a A history of British sports medicine (Text)
|1 https://id.oclc.org/worldcat/entity/E39PCGCpCd4QM4t4WhPhTKPXJP
|4 https://id.oclc.org/worldcat/ontology/hasWork
|
| 776 |
1 |
8 |
|i Print version:
|a Heggie, Vanessa.
|t History of British sports medicine.
|d Manchester ; New York : Manchester University Press, 2011
|w (DLC) 2011377428
|
| 776 |
1 |
8 |
|c Original
|z 9780719082610
|z 0719082617
|w (DLC) 2011377428
|w (OCoLC)662406280
|
| 856 |
4 |
0 |
|u http://proxy.library.tamu.edu/login?url=https://www.jstor.org/stable/10.2307/j.ctt21216fw
|z Connect to the full text of this electronic book
|t 0
|
| 945 |
|
|
|b 720112
|
| 955 |
|
|
|a YBP purchased firm e-records
|
| 980 |
|
|
|b usergen
|c 90104178775
|g 565750
|k USD
|m 172.80
|p Faculty;English
|q 1
|s AcqMono Conventional
|t Purchase at vendor system
|u Vendor order reference number
|v ZYBP
|y Faculty - electronic
|z Electronic resource
|
| 999 |
f |
f |
|i 7a3104dc-beb7-4f3a-b3ae-2ca5a2406808
|s bd0fdd51-c030-41f8-8b91-3c0fc922eec1
|t 0
|
| 952 |
f |
f |
|a Texas A&M University
|b College Station
|c Electronic Resources
|s www_evans
|d Available Online
|t 0
|e RC1210 .H39 2011
|h Library of Congress classification
|
| 998 |
f |
f |
|a RC1210 .H39 2011
|t 0
|l Available Online
|